00429 2200157 4500001002100000005001500021035002000036245008000056100002100136300001200157260004600169082000800215084001400223020002200237990001200259INLIS00000000000264020250805080115 a0010-08250000011 aSuper Modul KSN SMA :bKimia Analitik dan Kimia Fisik 3 /cDhian Juwutasari0 aDhian Juwutasari a187 hlm aJakarta :bPT. Jakarta Sains Media,c2022 a540 a540 DHI s a978-923-6111-46-8 a0754838